000
00321nam a2200109Ia 4500
008
200302s9999 xx 000 0 und d
100
_a
Astrid Zimmermann
245
_a
Constructing Landscape Materials Techniques Structural Componets
260
_b
Birkhauser Publishers for Architecture
260
_c
2009
300
_a
533 P.,
999
_c
2615
_d
2615